WWII Planes by Picture: Click quiz - Statistics

General Stats
  • This quiz has been taken 607 times
  • The average score is 12 of 15
Answer Stats
Hint Answer % Correct
B-17 Flying fortress
90%
A6M Zero
89%
Messerschmitt Me 262
89%
P-51D Mustang
87%
Messerschmitt Bf 109
84%
Supermarine Spitfire
81%
Hawker Hurricane
79%
Lancaster
78%
De Haviland Mosquito
76%
P-38 Lightning
75%
Vought F4U Corsair
75%
P-40 Warhawk
73%
B-25 Michell
68%
P-47 Thunderbolt
67%
T-6 Texan
63%
No matching quizzes found
Score Distribution
Percent of People with Each Score
Percentile by Number Answered
Your Score History
You have not taken this quiz